书目信息 |
| 题名: |
舞蹈艺术审美讲座
|
|
| 作者: | 高椿生 著 | |
| 分册: | ||
| 出版信息: | 北京 人民音乐出版社 2005 |
|
| 页数: | 121页 | |
| 开本: | 21cm | |
| 丛书名: | ||
| 单 册: | ||
| 中图分类: | J701 | |
| 科图分类: | ||
| 主题词: | 舞蹈美学 | |
| 电子资源: | ||
| ISBN: | 7-103-03008-1 | |
| 000 | 00725nam0 2200217 450 | |
| 001 | 003001190 | |
| 005 | 20070811093704.18 | |
| 010 | @a7-103-03008-1@dCNY15.00 | |
| 100 | @a20051101d2005 em y0chiy0110 ea | |
| 101 | 0 | @achi |
| 102 | @aCN@b110000 | |
| 105 | @aa z 000yy | |
| 200 | 1 | @a舞蹈艺术审美讲座@9wu dao yi shu shen mei jiang zuo@e舞咏菁华@f高椿生著 |
| 210 | @a北京@c人民音乐出版社@d2005 | |
| 215 | @a121页@c照片@d21cm | |
| 330 | @a本书分为六讲,从艺术的人体动作——人体动作艺术、舞蹈的抒情性、舞蹈的造型性、舞蹈的虚拟性和舞蹈的综合性等方面探讨了舞蹈艺术审美。 | |
| 606 | 0 | @a舞蹈美学 |
| 690 | @aJ701@v4 | |
| 701 | 0 | @a高椿生@9gao chun sheng@f(1936~)@4著 |
| 801 | 0 | @aCN@bNLC@c20070811 |
| 905 | @a10447@dJ701@e105 | |
| 舞蹈艺术审美讲座:舞咏菁华/高椿生著.-北京:人民音乐出版社,2005 |
| 121页:照片;21cm |
| ISBN 7-103-03008-1:CNY15.00 |
| 本书分为六讲,从艺术的人体动作——人体动作艺术、舞蹈的抒情性、舞蹈的造型性、舞蹈的虚拟性和舞蹈的综合性等方面探讨了舞蹈艺术审美。 |
| ● |
| 相关链接 |
|
|
|
|
正题名:舞蹈艺术审美讲座
索取号:J701/105
 
预约/预借
| 序号 | 登录号 | 条形码 | 馆藏地/架位号 | 状态 | 备注 |
| 1 | 0802972 | 208029729 | 第一样本阅览室/ [索取号:J701/105] | 在馆 | |
| 2 | 0802973 | 208029738 | 第一借阅区/ [索取号:J701/105] | 在馆 | |
| 3 | 0802974 | 208029747 | 第一借阅区/ [索取号:J701/105] | 在馆 | |
| 4 | 0802975 | 208029756 | 第一借阅区/ [索取号:J701/105] | 在馆 | |
| 5 | 0802976 | 208029765 | 密集书库-音乐系/ [索取号:J701/105] | 在馆 |